| 000 | 00364cam a22001217a 4500 | ||
|---|---|---|---|
| 008 | 180718b1971 xxu||||| |||| 00| 0 eng d | ||
| 082 | _aX93x42 Un3 P | ||
| 245 |
_aNeighbourhood noise _cBy Her Majesty's |
||
| 260 |
_aLondon _bHer Majesty's _c1971 |
||
| 300 | _avi,80p | ||
| 650 | _aNoise control -- Law and legislation -- Great Britain | ||
| 700 | _aU.K. Her Majesty's | ||
| 999 |
_c413876 _d413876 |
||